00446nam a22001217a 4500003000200000005001700002008004100019050002200060245011300082260008000195300002600275500002300301020221013130146.0221013b xxu||||| |||| 00| 0 eng d aUH603b.So65 2022 aThe relationship between sleep deprivation and cognitive performance of college studentscEliza Glad M.Solis aLas Pinas, PhilippinesbSouthville International School and CollegescC2022 a119PP.c28cm.fTheses aSleep deprivation.